| 000 | 00945nam a2200289 a 4500 | ||
|---|---|---|---|
| 001 | 1377072 | ||
| 003 | GBCCL | ||
| 005 | 20241126110409.0 | ||
| 008 | 810609s1981 enk 000 0 eng | ||
| 010 | _a 81149394 | ||
| 020 |
_a0340265701 (pbk) : _c£1.50 |
||
| 040 |
_aDLC _cDLC _dDLC |
||
| 043 | _aa-cc--- | ||
| 050 | 0 | 0 |
_aBV2369.5.C5 _bD38 1981 |
| 082 | 0 | 0 |
_a266.00951 _219 _bDAV |
| 100 | 0 |
_aDavid, _cBrother. _93685 |
|
| 245 | 1 | 0 |
_aGod's smuggler to China : _ba cry to the Chinese to let us love them / _cBrother David ; with Dan Wooding and Sara Bruce. |
| 260 |
_aLondon : _bHodder & Stoughton, _c1981. |
||
| 300 |
_axiv, 304 p. ; _c18 cm. |
||
| 440 | 0 |
_aHodder Christian paperbacks _93686 |
|
| 600 | 0 | 0 |
_aDavid, _cBrother. _93685 |
| 630 | 0 | 0 |
_aBible _xPublication and distribution _zChina. _93687 |
| 700 | 1 |
_aWooding, Dan. _91118 |
|
| 700 | 1 |
_aBruce, Sara. _93688 |
|
| 906 |
_a7 _bcbc _corignew _d3 _encip _f19 _gy-gencatlg |
||
| 942 |
_2ddc _cBK |
||
| 999 |
_c1779 _d1779 |
||